| 000 | 00557nam a2200181 a 4500 | ||
|---|---|---|---|
| 005 | 20140412111409.0 | ||
| 008 | 070910s19uu xx 00 eng d | ||
| 050 |
_aM 177.1 _bB45 1988 |
||
| 100 | _aBerry, Joy Wilt | ||
| 245 |
_aA children's book about teasing. / _cJoy Wilt Berry. |
||
| 260 |
_a[Danbury, CT.] : _bGrolier books, _c1988. |
||
| 300 | _a1 v. (unpaged) | ||
| 440 | _aHelp me Good | ||
| 650 |
_aConduct of life _xJuvenile literature |
||
| 650 |
_aRidicule _xJuvenile literature |
||
| 650 |
_aCourtesy _xJuvenile literature |
||
| 999 |
_c105614 _d105614 |
||